Kegiatan haram di sebalik terowong (Record no. 134870)

MARC details
000 -LEADER
fixed length control field 00757nam a2200265 i 4500
001 - CONTROL NUMBER
control field C2-0337163
003 - CONTROL NUMBER IDENTIFIER
control field PPAK
005 - DATE AND TIME OF LATEST TRANSACTION
control field 20180728140005.0
008 - FIXED-LENGTH DATA ELEMENTS--GENERAL INFORMATION
fixed length control field 160801s2016 my a|||| ||||| | may d
020 ## - INTERNATIONAL STANDARD BOOK NUMBER
International Standard Book Number 9789670936055
040 ## - CATALOGING SOURCE
Original cataloging agency PPAK
Language of cataloging eng
Transcribing agency PPAK
Description conventions rda
082 04 - DEWEY DECIMAL CLASSIFICATION NUMBER
Classification number 899.233
Edition number 23
090 00 - LOCALLY ASSIGNED LC-TYPE CALL NUMBER (OCLC); LOCAL CALL NUMBER (RLIN)
Classification number (OCLC) (R) ; Classification number, CALL (RLIN) (NR) 899.233
Feature heading JAN
Feature heading K
100 0# - MAIN ENTRY--PERSONAL NAME
Personal name Jannah Masturul,
Relator term author
245 10 - TITLE STATEMENT
Title Kegiatan haram di sebalik terowong
264 #1 - PRODUCTION, PUBLICATION, DISTRIBUTION, MANUFACTURE, AND COPYRIGHT NOTICE
Place of production, publication, distribution, manufacture Subang Jaya, Selangor :
Name of producer, publisher, distributor, manufacturer Penerbitan Panduan Pedoman ,
Date of production, publication, distribution, manufacture, or copyright notice 2016
300 ## - PHYSICAL DESCRIPTION
Extent 101 pages :
Other physical details illustrations ;
Dimensions 21 cm
336 ## - CONTENT TYPE
Source rdacontent
Content type term text
337 ## - MEDIA TYPE
Source rdamedia
Media type term unmediated
338 ## - CARRIER TYPE
Source rdacarrier
Carrier type term volume
490 1# - SERIES STATEMENT
Series statement Siri cereka
650 10 - SUBJECT ADDED ENTRY--TOPICAL TERM
Topical term or geographic name entry element Children's stories, Malay.
830 #0 - SERIES ADDED ENTRY--UNIFORM TITLE
Uniform title Siri cereka
942 ## - ADDED ENTRY ELEMENTS (KOHA)
-- dc
Koha item type Book
Holdings
Withdrawn Not for loan Current library Shelving location Date acquired Total Checkouts Full call number Barcode Date last seen Date last checked out Koha item type
    Perpustakaan Alor Setar Pinjaman Kanak-kanak 10/08/2016 3 K 899.233 JAN A01477055 16/03/2023 23/02/2023 Book
    Perpustakaan Awam Sungai Petani Pinjaman Kanak-kanak 10/08/2016 2 K 899.233 JAN A01477056 28/01/2020 08/01/2020 Book
    Perpustakaan Baling Pinjaman Kanak-kanak 10/08/2016 1 K 899.233 JAN A01477060 07/12/2022 16/11/2022 Book
    Perpustakaan Bandar Baharu Pinjaman Kanak-kanak 10/08/2016   K 899.233 JAN A01477063 09/05/2018   Book
    Perpustakaan Jitra Pinjaman Kanak-kanak 10/08/2016   K 899.233 JAN A01477057 09/05/2018   Book
    Perpustakaan Kulim Pinjaman Kanak-kanak 10/08/2016   K 899.233 JAN A01477058 09/05/2018   Book
    Perpustakaan Langkawi Pinjaman Kanak-kanak 10/08/2016   K 899.233 JAN A01477059 09/05/2018   Book
    Perpustakaan Merbok Pinjaman Kanak-kanak 10/08/2016   K 899.233 JAN A01477065 09/05/2018   Book
    Perpustakaan Sik Pinjaman Kanak-kanak 10/08/2016 1 K 899.233 JAN A01477064 11/04/2021 21/03/2021 Book
    Perpustakaan Yan Pinjaman Kanak-kanak 10/08/2016   K 899.233 JAN A01477061 09/05/2018   Book
    PD37, Kg. Belat, Pendang Pinjaman Kanak-kanak 10/08/2016   K 899.233 JAN A01477062 09/05/2018   Book